00608nam a22001697a 4500003000400000082001600004245011000020260005400130300000900184546001200193650003500205650005600240650005000296650003900346700003100385700002200416OSt aKAU/PR 2007 aProccedings of the WTO workshop impact of climate change on the agricultural sector in tropical countries bKerala Agricultural universityc2007aVellanikara a80p. aEnglish aclimate change and agriculture aclimate change and plantations in the humid tropics aclimate change risk management in agriculture aclimate change on marine fisheries a Prasad Rao, G S L H V Ed. aAlexander, D Eds.